Normal view
MARC view
Entry Personal Name
001 - CONTROL NUMBER
- control field: 676337
003 - CONTROL NUMBER IDENTIFIER
- control field: OSt
005 - DATE AND TIME OF LATEST TRANSACTION
- control field: 20221006163955.0
008 - FIXED-LENGTH DATA ELEMENTS
- fixed length control field: 221006|| aca||aabn | a|a d
040 ## - CATALOGING SOURCE
- Original cataloging agency: OSt
- Transcribing agency: OSt
100 ## - HEADING--PERSONAL NAME
- Personal name: Jain Naveen Au
670 ## - SOURCE DATA FOUND
- Source citation: Work cat.: (OSt)1115863: Jain Naveen Au., Mijraab Se Bajaye Jane Wale Vaadya, 1992
